Special report: business improvement districts (Record no. 74705)
[ view plain ]
| 000 -LEADER | |
|---|---|
| fixed length control field | 00916cab a2200217 4500 |
| 001 - CONTROL NUMBER | |
| control field | ABS68679 |
| 008 - FIXED-LENGTH DATA ELEMENTS--GENERAL INFORMATION | |
| fixed length control field | 050107n2004 000 0 eng u |
| 035 ## - SYSTEM CONTROL NUMBER | |
| System control number | (Sirsi) u128464 |
| 100 ## - MAIN ENTRY--PERSONAL NAME | |
| Personal name | Sharp, R. |
| 245 ## - TITLE STATEMENT | |
| Title | Special report: business improvement districts |
| 260 ## - PUBLICATION, DISTRIBUTION, ETC. | |
| Date of publication, distribution, etc. | 2004 |
| 490 ## - SERIES STATEMENT | |
| Series statement | Property Week |
| Volume/sequential designation | 69(50) 10 December 2004, 53-62(8) |
| 520 ## - SUMMARY, ETC. | |
| Summary, etc. | Examines the introduction of Business Improvement Districts (BIDs), in particular the pilot schemes known as the Circle Initiative and the issues that the local business occupiers need to consider before voting to make the BIDs permanent. Includes responses from different types of occupiers and reports on the pilot schemes in Kingston upon Thames and Liverpool. |
| 590 ## - LOCAL NOTE (RLIN) | |
| Local note | ABS |
| 650 ## - SUBJECT ADDED ENTRY--TOPICAL TERM | |
| Topical term or geographic name entry element | BUSINESS IMPROVEMENT DISTRICTS |
| 650 ## - SUBJECT ADDED ENTRY--TOPICAL TERM | |
| Topical term or geographic name entry element | LOCAL BUSINESSES |
| 650 ## - SUBJECT ADDED ENTRY--TOPICAL TERM | |
| Topical term or geographic name entry element | RETAIL SECTOR |
| 650 ## - SUBJECT ADDED ENTRY--TOPICAL TERM | |
| Topical term or geographic name entry element | LONDON |
| 690 ## - LOCAL SUBJECT ADDED ENTRY--TOPICAL TERM (OCLC, RLIN) | |
| Topical term or geographic name as entry element | REGENERATION |
| 942 ## - ADDED ENTRY ELEMENTS (KOHA) | |
| Suppress in OPAC | 0 |
| Withdrawn status | Lost status | Source of classification or shelving scheme | Damaged status | Not for loan | Home library | Current library | Shelving location | Date acquired | Total Checkouts | Full call number | Barcode | Date last seen | Copy number | Price effective from | Koha item type |
|---|---|---|---|---|---|---|---|---|---|---|---|---|---|---|---|
| Dewey Decimal Classification | London | London | Journal article | 07/01/2005 | ABS68679 | 128464-1001 | 06/08/2019 | 1 | 06/08/2019 | Journal article |